[Event "Women's Speed Chess Q5"]
[Site "chess.com INT"]
[Date "2021.06.04"]
[Round "6"]
[White "Dzagnidze, Nana"]
[Black "Paehtz, Elisabeth"]
[Result "1/2-1/2"]
[WhiteTitle "GM"]
[BlackTitle "IM"]
[WhiteElo "2524"]
[BlackElo "2456"]
[WhiteFideId "13601903"]
[BlackFideId "4641833"]
[EventDate "2021.06.04"]

1. d4 g6 2. Nf3 Bg7 3. c3 d6 4. Bf4 Nf6 5. h3 O-O 6. Nbd2 Nfd7 7. e3 e5 8. Bh2
Nc6 9. Bc4 Qe7 10. O-O Kh8 11. b4 f5 12. b5 Na5 13. Be2 b6 14. Nb3 Nb7 15. a4 e4
16. Nfd2 a5 17. bxa6 Nd8 18. a5 Bxa6 19. axb6 Bxe2 20. Qxe2 Nxb6 21. Rxa8 Nxa8
22. Ra1 Nb6 23. Qb5 Ne6 24. Ra7 f4 25. Qxb6 fxe3 26. fxe3 Qg5 27. Qb5 Qxe3+ 28.
Kh1 Qe1+ 29. Bg1 e3 30. Nf3 Rxf3 31. gxf3 Qg3 32. Qe8+ Nf8 33. Bxe3 Qxf3+ 34.
Kg1 Qd1+ 35. Kf2 Qxb3 36. Ra8 Qc2+ 37. Kg3 Qxc3 38. Qe7 Qe1+ 39. Kf3 Qf1+ 40.
Kg3 Qe1+ 41. Kg2 Qe2+ 42. Kg3 Qe1+ 1/2-1/2

[Event "Women's Speed Chess Q5"]
[Site "chess.com INT"]
[Date "2021.06.04"]
[Round "6"]
[White "Ramirez, Maria Eugenia"]
[Black "Batsiashvili, Nino"]
[Result "0-1"]
[WhiteTitle "WFM"]
[BlackTitle "GM"]
[WhiteElo "2057"]
[BlackElo "2491"]
[WhiteFideId "3301680"]
[BlackFideId "13602993"]
[EventDate "2021.06.04"]

1. e4 c6 2. d4 d5 3. exd5 cxd5 4. c4 Nf6 5. Nf3 Nc6 6. Nc3 Be6 7. cxd5 Nxd5 8.
Bb5 g6 9. Ne5 Rc8 10. Qa4 Qb6 11. O-O Bg7 12. Be3 O-O 13. Bxc6 bxc6 14. Nc4 Qb8
15. Rfd1 Nxc3 16. bxc3 Qb5 17. Qxb5 cxb5 18. Na3 a6 19. Nb1 Bf5 20. Rc1 Rc6 21.
a4 bxa4 22. Rxa4 Rb8 23. Nd2 h5 24. h3 Rb2 25. Rc4 Rxc4 26. Nxc4 Ra2 27. Ne5 a5
28. c4 a4 29. c5 a3 30. Nc4 Be4 31. Kh2 Bf6 32. Rc3 Bd5 33. Nxa3 e5 34. Nb5 Rb2
35. c6 Rxb5 36. c7 Bb7 37. c8=Q+ Bxc8 38. Rxc8+ Kg7 39. dxe5 Bxe5+ 40. g3 h4 41.
Kg2 hxg3 42. fxg3 Rb3 43. Kf3 Bxg3 44. Re8 Bh4 45. Re4 Bg5 46. Re8 Rxe3+ 0-1

[Event "Women's Speed Chess Q5"]
[Site "chess.com INT"]
[Date "2021.06.04"]
[Round "6"]
[White "Varney, Zoe"]
[Black "Mohota, Nisha"]
[Result "0-1"]
[WhiteTitle "WCM"]
[BlackTitle "IM"]
[WhiteElo "1917"]
[BlackElo "2195"]
[WhiteFideId "436135"]
[BlackFideId "5004330"]
[EventDate "2021.06.04"]

1. e4 Nf6 2. e5 Nd5 3. d4 Nb6 4. f4 d6 5. Nf3 g6 6. Bd3 Bg7 7. c3 dxe5 8. fxe5
c5 9. Be3 Nd5 10. Bf2 cxd4 11. cxd4 Nc6 12. O-O O-O 13. Nc3 Bh6 14. Qb3 Nf4 15.
Be4 Na5 16. Qc2 Bg4 17. b4 Nc6 18. b5 Na5 19. h3 Be6 20. d5 Bxd5 21. Nxd5 Nxd5
22. Rad1 e6 23. Bc5 Re8 24. Qa4 Rc8 25. Bd6 Ne3 26. Bb4 Nxd1 27. Rxd1 Qb6+ 28.
Kh2 Nc4 0-1

[Event "Women's Speed Chess Q5"]
[Site "chess.com INT"]
[Date "2021.06.04"]
[Round "6"]
[White "Buksa, Nataliya"]
[Black "Bivol, Alina"]
[Result "1-0"]
[WhiteTitle "IM"]
[BlackTitle "WGM"]
[WhiteElo "2413"]
[BlackElo "2374"]
[WhiteFideId "14123622"]
[BlackFideId "4100123"]
[EventDate "2021.06.04"]

1. e4 e6 2. d4 d5 3. Nd2 c5 4. Ngf3 Nc6 5. exd5 exd5 6. Bb5 Qe7+ 7. Be2 Qc7 8.
O-O Nf6 9. Re1 Be7 10. dxc5 O-O 11. Nb3 a5 12. a4 Bf5 13. c3 Rad8 14. Bg5 Ne4
15. Bxe7 Nxe7 16. Bd3 Bg6 17. Qe2 Nf5 18. Bxe4 dxe4 19. Nfd4 Rfe8 20. Qb5 Nh4
21. Re3 f5 22. Qxa5 Qe7 23. c6 f4 24. Rh3 f3 25. Qc5 Nxg2 26. Qxe7 Rxe7 27. cxb7
Rxb7 28. a5 Bf7 29. a6 Rxb3 30. a7 Ra8 31. Nxb3 Bxb3 32. Rh5 Nf4 33. Rb5 Bd5 34.
Rb8+ Kf7 35. c4 Bc6 36. b4 Nd3 37. b5 e3 38. bxc6 1-0

[Event "Women's Speed Chess Q5"]
[Site "chess.com INT"]
[Date "2021.06.04"]
[Round "6"]
[White "Tomilova, Elena"]
[Black "Shuvalova, Polina"]
[Result "0-1"]
[WhiteTitle "WGM"]
[BlackTitle "IM"]
[WhiteElo "2353"]
[BlackElo "2489"]
[WhiteFideId "4162340"]
[BlackFideId "24171760"]
[EventDate "2021.06.04"]

1. e4 c6 2. c4 g6 3. d4 Bg7 4. Nc3 d6 5. f4 Nd7 6. Nf3 e5 7. Be3 Ngf6 8. Qd2 Ng4
9. Bg1 exf4 10. Qxf4 Ndf6 11. Qd2 c5 12. dxc5 O-O 13. h3 Ne5 14. O-O-O Be6 15.
Qxd6 Nxc4 16. Qxd8 Raxd8 17. Bxc4 Bxc4 18. Rxd8 Rxd8 19. Be3 Re8 20. e5 Nd5 21.
Bd4 Nf4 22. b3 Be6 23. Rg1 Rd8 24. h4 Bg4 25. Be3 Nd3+ 26. Kc2 Nxe5 27. Nxe5
Bxe5 28. Bg5 Bf5+ 29. Kb2 Rd3 30. Rc1 Rg3 31. b4 Rxg2+ 32. Kb3 Be6+ 33. Ka4 a6
34. Ka5 f6 35. Bh6 Bc7+ 36. Ka4 g5 37. h5 Be5 38. a3 Rg3 39. Ne4 Bb3+ 40. Ka5
Bc7# 0-1

[Event "Women's Speed Chess Q5"]
[Site "chess.com INT"]
[Date "2021.06.04"]
[Round "6"]
[White "Mkrtchian, Lilit"]
[Black "Nandhidhaa, P V"]
[Result "1-0"]
[WhiteTitle "IM"]
[BlackTitle "WGM"]
[WhiteElo "2388"]
[BlackElo "2365"]
[WhiteFideId "13300601"]
[BlackFideId "5050847"]
[EventDate "2021.06.04"]

1. e4 g6 2. d4 Bg7 3. Nc3 d5 4. exd5 Nf6 5. Bc4 Nbd7 6. Nf3 O-O 7. h3 Nb6 8. Bb3
a5 9. a4 Nfxd5 10. Ne4 Bf5 11. Nc5 e5 12. dxe5 Qe7 13. Nd3 Rad8 14. O-O h6 15.
Qe2 c5 16. Nf4 c4 17. Bxc4 Nxc4 18. Qxc4 Nb4 19. Bd2 Nxc2 20. Rac1 Rc8 21. Qb5
Rc5 22. Qb3 Rfc8 23. Bc3 Nb4 24. Bxb4 axb4 25. Qxb4 g5 26. Nd5 Qf8 27. Rxc5 Rxc5
28. Nf6+ Bxf6 29. exf6 1-0

[Event "Women's Speed Chess Q5"]
[Site "chess.com INT"]
[Date "2021.06.04"]
[Round "6"]
[White "Mrudul, Dehankar"]
[Black "Sliwicka, Alicja"]
[Result "0-1"]
[WhiteTitle "WIM"]
[BlackTitle "WIM"]
[WhiteElo "2256"]
[BlackElo "2308"]
[WhiteFideId "25096990"]
[BlackFideId "1150677"]
[EventDate "2021.06.04"]

1. e4 c5 2. Nf3 d6 3. d4 cxd4 4. Nxd4 Nf6 5. Nc3 Bd7 6. Bg5 e6 7. Qd2 a6 8.
O-O-O h6 9. Bh4 Nxe4 10. Qf4 Ng5 11. Qe3 Be7 12. Bd3 Nc6 13. f4 Nh7 14. Bxe7
Qxe7 15. Bxh7 Rxh7 16. Qd3 Rh8 17. Rhe1 Nxd4 18. Qxd4 Bc6 19. Qxg7 O-O-O 20. g3
h5 21. Qd4 h4 22. g4 h3 23. g5 Rh4 24. Qe3 Re8 25. Qg3 Rhh8 26. Ne4 Bxe4 27.
Rxe4 d5 28. Rxd5 Kb8 29. f5+ Qc7 30. Qxc7+ Kxc7 31. Rc4+ Kb6 32. Rd6+ Ka7 33.
Rc7 exf5 34. Rdd7 Re1+ 35. Kd2 Rh1 36. Rxb7+ Ka8 37. Ra7+ Kb8 38. Rdb7+ Kc8 39.
Rxf7 Rxh2+ 40. Kc3 Kb8 41. Rfb7+ Kc8 42. Rc7+ Kb8 43. Rab7+ Ka8 44. g6 Rg2 45.
g7 Rg8 46. Ra7+ Kb8 47. Rcb7+ Kc8 48. Rf7 Kb8 49. Rae7 Rc8+ 50. Kb3 Rd8 51. Rf8
Kc8 52. Ref7 Rg3+ 0-1

[Event "Women's Speed Chess Q5"]
[Site "chess.com INT"]
[Date "2021.06.04"]
[Round "6"]
[White "Gaponenko, Inna"]
[Black "Kulkarni, Bhakti"]
[Result "0-1"]
[WhiteTitle "IM"]
[BlackTitle "IM"]
[WhiteElo "2357"]
[BlackElo "2391"]
[WhiteFideId "14101181"]
[BlackFideId "5019516"]
[EventDate "2021.06.04"]

1. e4 e5 2. Nf3 Nf6 3. Nxe5 Nxe4 4. d3 Nf6 5. d4 d6 6. Nf3 d5 7. Bd3 Bd6 8. Qe2+
Qe7 9. Qxe7+ Kxe7 10. O-O Re8 11. Bg5 h6 12. Re1+ Be6 13. Bh4 Nc6 14. Nc3 g5 15.
Bg3 Nb4 16. Rad1 Nxd3 17. Rxd3 Bxg3 18. hxg3 c6 19. Ne5 Kf8 20. Rf3 Kg7 21. Rfe3
Bf5 22. R3e2 Re7 23. f3 Rae8 24. g4 Bh7 25. Kf2 h5 26. gxh5 Nxh5 27. g3 f6 28.
Nd3 Rxe2+ 29. Rxe2 Rxe2+ 30. Nxe2 Bxd3 31. cxd3 Kf7 32. Nc3 f5 33. Na4 b6 34.
Nc3 Ng7 35. Ke3 Ne6 36. f4 gxf4+ 37. gxf4 Kg6 38. Ne2 Kh5 39. Kf3 Kh4 40. b4 b5
41. a3 Kh3 42. Ng1+ Kh4 43. Ne2 a6 44. Kf2 Kg4 45. Ke3 Nf8 46. Ng1 Ng6 47. Nf3
Nxf4 48. Ne5+ Kg3 49. Nxc6 Ng2+ 50. Kd2 f4 51. Ne7 Ne3 52. Ke2 Kg2 53. Ng6 Kg3
54. Ne5 Nc2 55. Nf3 Nxa3 56. Ne5 Nc2 57. Nf3 Nxb4 58. Ne5 a5 0-1

[Event "Women's Speed Chess Q5"]
[Site "chess.com INT"]
[Date "2021.06.04"]
[Round "6"]
[White "Klinova, Masha"]
[Black "Soumya, Swaminathan"]
[Result "1-0"]
[WhiteTitle "IM"]
[BlackTitle "IM"]
[WhiteElo "2275"]
[BlackElo "2351"]
[WhiteFideId "2802015"]
[BlackFideId "5016193"]
[EventDate "2021.06.04"]

1. e4 c5 2. Nf3 Nc6 3. Bb5 g6 4. Bxc6 dxc6 5. d3 Bg7 6. Nc3 Nf6 7. Be3 b6 8. h3
Nd7 9. Qd2 h6 10. Nh2 e5 11. O-O-O Nf8 12. f4 exf4 13. Bxf4 Ne6 14. Be3 Nd4 15.
Rdf1 Be6 16. Ng4 Qh4 17. Qf2 Qxf2 18. Rxf2 f5 19. exf5 gxf5 20. Nh2 O-O-O 21.
Re1 Rhe8 22. Bd2 Kb7 23. Nf3 Bc8 24. Nxd4 Rxe1+ 25. Bxe1 cxd4 26. Ne2 Re8 27.
Bd2 c5 28. Kd1 Kc6 29. Nf4 Bf6 30. Nh5 Bg5 31. g3 b5 32. h4 Bxd2 33. Kxd2 Rg8
34. b3 Be6 35. Re2 Kd6 36. Ke1 Bd7 37. Kf2 Bc6 38. Nf4 Bd7 39. Nh5 Rg6 40. Nf4
Rg8 41. Re1 c4 42. dxc4 bxc4 43. bxc4 Rc8 44. Rd1 Rxc4 45. Rd2 Kc5 46. Ng6 Be6
47. Ne5 Ra4 48. Nd3+ Kd6 49. Nf4 Ke5 50. Re2+ Kd6 51. Rxe6+ Kd7 52. Rxh6 Rxa2
53. Kf3 Rxc2 54. Ra6 Rc3+ 55. Kf2 Rc2+ 56. Kf1 Rc7 57. Nd3 1-0

[Event "Women's Speed Chess Q5"]
[Site "chess.com INT"]
[Date "2021.06.04"]
[Round "6"]
[White "Petrova, Irina"]
[Black "Tsolakidou, Stavroula"]
[Result "1-0"]
[WhiteTitle "WIM"]
[BlackTitle "IM"]
[WhiteElo "2110"]
[BlackElo "2379"]
[WhiteFideId "14124122"]
[BlackFideId "4264312"]
[EventDate "2021.06.04"]

1. e4 c5 2. Nf3 d6 3. Bb5+ Nd7 4. O-O a6 5. Bxd7+ Bxd7 6. d4 cxd4 7. Qxd4 e5 8.
Qd3 Rc8 9. a4 Qc7 10. Nc3 Be6 11. Rd1 Be7 12. Be3 Nf6 13. Nd2 O-O 14. Nf1 d5 15.
exd5 Rfd8 16. Qe2 Nxd5 17. Nxd5 Bxd5 18. c3 f5 19. a5 Bb3 20. Bb6 Bxd1 21. Rxd1
Qb8 22. Bxd8 Rxd8 23. Rxd8+ Bxd8 24. Qc4+ Kf8 25. Qe6 g6 26. Ne3 Bg5 27. Nd5 e4
28. Nb6 Qd8 29. Nd7+ Kg7 30. g3 f4 31. Qe5+ Kf7 32. Qd5+ Kg7 33. Qxb7 Kh6 34.
Qd5 e3 35. fxe3 fxe3 36. Kf1 Qe7 37. Ke2 1-0

[Event "Women's Speed Chess Q5"]
[Site "chess.com INT"]
[Date "2021.06.04"]
[Round "6"]
[White "Yu, Jennifer"]
[Black "Pavlidou, Ekaterini"]
[Result "1-0"]
[WhiteTitle "FM"]
[BlackTitle "WIM"]
[WhiteElo "2316"]
[BlackElo "2157"]
[WhiteFideId "2078341"]
[BlackFideId "4213262"]
[EventDate "2021.06.04"]

1. c4 e5 2. Nc3 Nc6 3. g3 d6 4. Bg2 g6 5. Nf3 Bg7 6. O-O Nge7 7. d3 O-O 8. Rb1
a5 9. a3 Be6 10. b4 axb4 11. axb4 Qd7 12. b5 Nd8 13. Ng5 Bf5 14. Nge4 Bh3 15.
Nd5 Nxd5 16. cxd5 Bxg2 17. Kxg2 f5 18. Nd2 Bh6 19. Nc4 Bxc1 20. Qxc1 f4 21. b6
c6 22. dxc6 Qxc6+ 23. Kg1 Ne6 24. Qd2 Nd4 25. Rb2 Qd7 26. f3 fxg3 27. hxg3 Qh3
28. Qg5 Nf5 29. Qg4 Qxg3+ 30. Qxg3 Nxg3 31. Rfb1 Nf5 32. Kf2 Rf6 33. Rb5 Nd4 34.
Rd5 Ra2 35. Rb2 Ra1 36. Rxd6 Rxd6 37. Nxd6 Ra8 38. Nxb7 Rb8 39. Nc5 Kf7 40. b7
Nc6 41. Nd7 Rd8 42. Nxe5+ Nxe5 43. b8=Q Rxb8 44. Rxb8 h5 45. d4 Nc6 46. Rb7+ Kf6
47. d5 Ne5 48. e4 h4 49. f4 Nd3+ 50. Kf3 Ne1+ 51. Kg4 Nd3 52. e5+ 1-0

[Event "Women's Speed Chess Q5"]
[Site "chess.com INT"]
[Date "2021.06.04"]
[Round "6"]
[White "Gevorgyan, Maria"]
[Black "Zakirova, Aisha"]
[Result "1-0"]
[WhiteTitle "WGM"]
[BlackTitle "WCM"]
[WhiteElo "2219"]
[BlackElo "1585"]
[WhiteFideId "13300270"]
[BlackFideId "13719734"]
[EventDate "2021.06.04"]

1. e4 c5 2. Nc3 Nc6 3. Bb5 Nd4 4. Bc4 e6 5. Nge2 Nc6 6. O-O g6 7. d3 Bg7 8. Bf4
Nge7 9. Bd6 O-O 10. f4 Nd4 11. Nxd4 Bxd4+ 12. Kh1 a6 13. a4 Re8 14. f5 exf5 15.
exf5 Nxf5 16. Rxf5 gxf5 17. Nd5 Re6 18. Bc7 Qg5 19. Bf4 Qh4 20. Bg3 Qg5 21. Bf4
Qh4 22. g3 Qg4 23. Qf1 b6 24. c3 Bg7 25. h3 Qh5 26. Ne3 Bb7+ 27. Kh2 d5 28. Bb3
Rae8 29. Ng2 c4 30. Bd1 Qg6 31. d4 Bf6 32. Bf3 Bg5 33. Qc1 h6 34. h4 Bd8 35.
Bxh6 Qxh6 36. Nf4 Re1 37. Qxe1 Rxe1 38. Rxe1 Bxh4 39. Re8+ Kh7 40. Nh5 Bg5 41.
Kg2 f4 42. Bd1 f5 43. gxf4 Bxf4 44. Re7+ Kg8 45. Rxb7 Qg5+ 46. Kf1 Qh4 47. Bf3 1-0

[Event "Women's Speed Chess Q5"]
[Site "chess.com INT"]
[Date "2021.06.04"]
[Round "6"]
[White "Belenkaya, Dina"]
[Black "Babiy, Olga"]
[Result "0-1"]
[WhiteTitle "WGM"]
[BlackTitle "WGM"]
[WhiteElo "2341"]
[BlackElo "2280"]
[WhiteFideId "24142654"]
[BlackFideId "14117258"]
[EventDate "2021.06.04"]

1. e4 c5 2. Nc3 e6 3. g3 Nc6 4. Bg2 d6 5. Nge2 Nf6 6. O-O Bd7 7. d3 Be7 8. f4
O-O 9. h3 a6 10. g4 b5 11. Ng3 b4 12. Nce2 h6 13. Be3 Nh7 14. Qd2 Qb6 15. g5
hxg5 16. fxg5 Ne5 17. Nh5 Rfd8 18. Rf2 Be8 19. Raf1 d5 20. exd5 exd5 21. Rf5 Qe6
22. Neg3 Ng6 23. Re1 Qc6 24. c4 bxc3 25. Qxc3 f6 26. gxf6 Nxf6 27. Nxf6+ Bxf6
28. Qxc5 Qxc5 29. Bxc5 Bf7 30. Nh5 Bxb2 31. d4 Nh4 32. Rg5 Bxh5 33. Rxh5 Nxg2
34. Kxg2 Rd7 35. Ree5 Rad8 36. Re6 a5 37. Ra6 Bc3 38. Rg5 Re8 39. Kf3 Rf7+ 40.
Kg3 Re3+ 41. Kg2 Re2+ 42. Kg3 Be1+ 43. Kg4 Re4+ 44. Kh5 Kh7 0-1

[Event "Women's Speed Chess Q5"]
[Site "chess.com INT"]
[Date "2021.06.04"]
[Round "6"]
[White "Eswaran, Aksithi"]
[Black "Szente Varga, Fruzsina"]
[Result "1-0"]
[WhiteTitle "WCM"]
[BlackTitle "WFM"]
[WhiteElo "1745"]
[BlackElo "2100"]
[WhiteFideId "2083485"]
[BlackFideId "712264"]
[EventDate "2021.06.04"]

1. e4 e5 2. Nf3 Nc6 3. Bc4 Bc5 4. c3 Nf6 5. d4 exd4 6. e5 d5 7. Bb5 Ne4 8. cxd4
Bb4+ 9. Nbd2 O-O 10. h3 f6 11. O-O fxe5 12. Bxc6 bxc6 13. Nxe5 Bxd2 14. Bxd2 Qf6
15. Be3 c5 16. Qb3 c4 17. Qc2 Bf5 18. g4 Be6 19. f4 Rab8 20. Rab1 Qh4 21. Qg2 h5
22. Ng6 Qf6 23. Nxf8 Rxf8 24. f5 Bd7 25. g5 Qd6 26. f6 g6 27. Bf4 Qb6 28. Be5
Qe6 29. Kh2 Nd6 30. Rbe1 Ne4 31. Rxe4 dxe4 32. f7+ Kh7 33. Rf6 Qd5 34. Qf2 Bf5
35. Rxf5 Qd8 36. Rf6 Qd7 37. Qe3 c5 38. Qxe4 Qxf7 39. Rxf7+ Rxf7 40. dxc5 Rf2+
41. Kg3 Rf7 42. c6 Rf8 43. c7 Rc8 44. Qc6 Rg8 45. Qd7+ Rg7 46. Qxg7# 1-0

[Event "Women's Speed Chess Q5"]
[Site "chess.com INT"]
[Date "2021.06.04"]
[Round "6"]
[White "Kabanova, Ekaterina"]
[Black "Komiagina, Maria"]
[Result "0-1"]
[WhiteTitle "WFM"]
[BlackTitle "WIM"]
[WhiteElo "2138"]
[BlackElo "2241"]
[WhiteFideId "24112917"]
[BlackFideId "4153987"]
[EventDate "2021.06.04"]

1. c4 Nf6 2. e3 g6 3. Qc2 Bg7 4. Nf3 O-O 5. Be2 d6 6. h3 e5 7. d3 Nc6 8. a3 Ne8
9. Nbd2 f5 10. g3 f4 11. gxf4 exf4 12. e4 Nf6 13. Rb1 Nh5 14. b4 Qe7 15. Bb2 Bd7
16. Bxg7 Nxg7 17. d4 Rae8 18. b5 Nd8 19. h4 Nde6 20. a4 b6 21. a5 Qf6 22. Qd3
Nh5 23. Rg1 Kh8 24. Ra1 Nc5 25. Qb1 Ne6 26. Qb2 Nhg7 27. Ra4 Qe7 28. Qa1 Qf6 29.
Kf1 Nd8 30. Ng5 h6 31. Ngf3 Bh3+ 32. Ke1 Nde6 33. axb6 axb6 34. Ra7 Kh7 35. Kd1
Re7 36. Bd3 Kh8 37. Ra8 Kh7 38. Rxf8 Nxf8 39. Qa8 Qf7 0-1

[Event "Women's Speed Chess Q5"]
[Site "chess.com INT"]
[Date "2021.06.04"]
[Round "6"]
[White "Franco Valencia, Angela"]
[Black "Singgih, Diajeng Theresa"]
[Result "1-0"]
[WhiteTitle "WIM"]
[BlackTitle "WFM"]
[WhiteElo "2089"]
[BlackElo "1972"]
[WhiteFideId "4403070"]
[BlackFideId "7104391"]
[EventDate "2021.06.04"]

1. e4 e5 2. Nf3 Nc6 3. Bc4 Bc5 4. c3 Nf6 5. d3 O-O 6. b4 Bb6 7. a4 a6 8. O-O d5
9. exd5 Nxd5 10. Re1 Nf4 11. Bxf4 exf4 12. a5 Ba7 13. d4 Bg4 14. Nbd2 Ne7 15.
Qc2 Nd5 16. Rac1 c6 17. Ne5 Bh5 18. Ne4 Bg6 19. Qd2 Bb8 20. Nc5 Qc8 21. Bxd5
cxd5 22. Qxf4 f6 23. Nxg6 Bxf4 24. Ne7+ Kf7 25. Nxc8 Raxc8 26. Rc2 Rfe8 27. Rce2
Rxe2 28. Rxe2 Rc7 29. g3 Bd6 30. Ne6 Rxc3 31. Nd8+ Kg6 32. Nxb7 Bxb4 33. Re6 Rc7
34. Rb6 Bc3 35. Nd6 Bxa5 36. Rxa6 Bc3 37. Nb5 Rc4 38. Rd6 Bxd4 39. Rxd5 Bb6 40.
Rd2 Rc5 41. Nd6 Rc1+ 42. Kg2 Ba5 43. Re2 Rd1 44. Nc4 Bc3 45. h4 h5 46. Rc2 Bb4
47. f3 Bc5 48. Nb2 Rd5 49. g4 hxg4 50. fxg4 Ba7 51. Kf3 Rd4 52. Rc3 Rd2 53. Nd3
Rh2 54. Nf4+ Kh6 55. Rc6 Rxh4 56. Ra6 Bc5 57. Ne6 Be7 58. Nd4 Rh1 59. Nf5+ Kg5
60. Nxe7 Rg1 61. Ra5+ f5 62. Rxf5+ Kh6 63. Rh5# 1-0

[Event "Women's Speed Chess Q5"]
[Site "chess.com INT"]
[Date "2021.06.04"]
[Round "6"]
[White "Dong, Khanh Linh"]
[Black "Vu, Bui Thi Thanh Van"]
[Result "1-0"]
[WhiteTitle "WCM"]
[BlackTitle "WFM"]
[WhiteElo "1970"]
[BlackElo "1750"]
[WhiteFideId "12403040"]
[BlackFideId "12408921"]
[EventDate "2021.06.04"]

1. e4 e6 2. d4 d5 3. e5 c5 4. c3 Nc6 5. Nf3 Bd7 6. Be2 Nge7 7. O-O cxd4 8. cxd4
Nf5 9. Nc3 Be7 10. Bd3 Nfxd4 11. Nxd4 Nxd4 12. Qg4 Qb6 13. Be3 Bc5 14. Qxg7
O-O-O 15. Rfc1 Kb8 16. Qf6 Rdf8 17. Rab1 a5 18. Qf4 Rhg8 19. Nd1 Rc8 20. Rxc5
Qxc5 21. Bxd4 Qe7 22. Ne3 Rg7 23. g3 Qb4 24. Nxd5 Qf8 25. Nb6 Rd8 26. Nxd7+ Rxd7
27. Bb5 Rd5 28. Bc4 Rd7 29. Be3 Qc8 30. b3 Rg8 31. Rc1 Qd8 32. Be2 h6 33. Bf3
Rg6 34. Qe4 Qe7 35. Qc4 Rc7 36. Ba7+ Kc8 37. Qf1 1-0

[Event "Women's Speed Chess Q5"]
[Site "chess.com INT"]
[Date "2021.06.04"]
[Round "6"]
[White "Nurmanova, Alua"]
[Black "Sukandar, Irine Kharisma"]
[Result "1/2-1/2"]
[WhiteTitle "WFM"]
[BlackTitle "IM"]
[WhiteElo "2093"]
[BlackElo "2413"]
[WhiteFideId "13729390"]
[BlackFideId "7101937"]
[EventDate "2021.06.04"]

1. e4 e5 2. Nf3 d6 3. d4 exd4 4. Nxd4 Nf6 5. Nc3 Be7 6. g3 Nc6 7. Bg2 Nxd4 8.
Qxd4 Be6 9. O-O O-O 10. h3 c6 11. f4 Qb6 12. Be3 Qxb2 13. f5 c5 14. Qd3 Bc8 15.
Rfb1 Qa3 16. Nd5 Qxd3 17. Nxe7+ Kh8 18. cxd3 Bd7 19. Bg5 Rab8 20. Bf4 Ne8 21.
Nd5 b5 22. f6 gxf6 23. Bh6 Rg8 24. g4 Rg6 25. Bf4 h5 26. Ne7 Rg7 27. gxh5 Bxh3
28. Rb2 Rg4 29. Rf1 Ng7 30. h6 Ne6 31. Bxd6 Rd8 32. e5 Nd4 33. Rff2 c4 34. dxc4
bxc4 35. Nd5 Rdg8 36. Nxf6 c3 37. Nxg4 cxb2 38. Rxb2 Rxg4 39. Bf8 Nf3+ 40. Kf1
Nh2+ 41. Kg1 Nf3+ 42. Kf1 Nh2+ 43. Kg1 Nf3+ 1/2-1/2

[Event "Women's Speed Chess Q5"]
[Site "chess.com INT"]
[Date "2021.06.04"]
[Round "6"]
[White "Li, Xueyi"]
[Black "Ziegenfuss, Antonia"]
[Result "1-0"]
[WhiteTitle "WGM"]
[BlackTitle "WFM"]
[WhiteElo "2303"]
[BlackElo "2157"]
[WhiteFideId "8605912"]
[BlackFideId "12962554"]
[EventDate "2021.06.04"]

1. d4 Nf6 2. Nf3 d5 3. g3 e6 4. Bg2 c5 5. O-O Nc6 6. c4 dxc4 7. Ne5 Nxe5 8. dxe5
Nd5 9. Na3 Be7 10. Nxc4 O-O 11. Ne3 Nxe3 12. Bxe3 Rb8 13. Qa4 a6 14. Rfd1 Qc7
15. Qc2 b6 16. Be4 h6 17. Qc1 Bb7 18. Bc2 Qxe5 19. Bf4 Qxe2 20. Bxb8 Qf3 21. Kf1
Qh1+ 22. Ke2 Bf3+ 23. Ke3 Bxd1 24. Qxd1 Qxd1 25. Rxd1 Rxb8 26. Rd7 Kf8 27. b3
Ke8 28. Ra7 a5 29. f4 Bf6 30. f5 exf5 31. Bxf5 Rd8 32. Bd3 Bd4+ 33. Kf3 Rd6 34.
Bb5+ Kf8 35. Ra8+ Ke7 36. Ra7+ Kf6 37. Bc4 Kg5 38. h4+ Kg6 39. Bxf7+ Kf6 40. Bc4
Be5 41. g4 Kg6 42. Bg8 Rf6+ 43. Ke4 Bg3 44. h5+ Kg5 45. Rxg7+ Kh4 46. Kd5 Rf4
47. Be6 Rd4+ 48. Kc6 Rd6+ 49. Kb5 Rxe6 50. Rg6 Rxg6 51. hxg6 Be5 52. Kxb6 a4 53.
bxa4 c4 54. a5 1-0

[Event "Women's Speed Chess Q5"]
[Site "chess.com INT"]
[Date "2021.06.04"]
[Round "6"]
[White "Pandey, Srishti"]
[Black "Socko, Monika"]
[Result "1/2-1/2"]
[WhiteTitle "WFM"]
[BlackTitle "GM"]
[WhiteElo "2026"]
[BlackElo "2393"]
[WhiteFideId "35093290"]
[BlackFideId "1106619"]
[EventDate "2021.06.04"]

1. d4 Nf6 2. c4 e6 3. Nf3 b6 4. a3 d5 5. Nc3 Be7 6. cxd5 exd5 7. Bg5 O-O 8. e3
Bf5 9. Bd3 Bxd3 10. Qxd3 Nbd7 11. O-O c5 12. dxc5 Nxc5 13. Qe2 Nce4 14. Bxf6
Bxf6 15. Nb5 Qd7 16. Rfd1 Rac8 17. Rac1 Rc5 18. Nbd4 Rfc8 19. Nb3 Rxc1 20. Rxc1
Rxc1+ 21. Nxc1 g6 22. g3 Kg7 23. Qc2 Qb5 24. Nd3 Qc4 25. Nfe1 Qxc2 26. Nxc2 Nc5
27. Nce1 g5 28. Kf1 a5 29. Ke2 Na4 30. b4 Nc3+ 31. Kf3 a4 32. Nc2 Nb5 33. h3 Bc3
34. g4 Kg6 35. e4 dxe4+ 36. Kxe4 Kf6 37. Kd5 Na7 38. Kc4 Bd2 39. Nd4 h6 40. b5
Nc8 41. Nf5 h5 42. Kd5 hxg4 43. hxg4 Na7 44. Nd6 Bf4 45. Ne4+ Ke7 46. Kc4 Bd6
47. Nxd6 Kxd6 48. f3 Nc8 49. Nb2 Ke5 50. Nxa4 Kf4 51. Kd5 Kxf3 52. Kc6 Kxg4 53.
Nxb6 Na7+ 54. Kc5 Kf3 55. Nc4 Nxb5 56. Kxb5 g4 57. Ne5+ Kf4 58. Nd3+ Ke3 59. Ne1
Kf2 60. Nd3+ Ke3 61. Ne1 f5 62. a4 f4 63. Ng2+ Kf3 64. Nxf4 Kxf4 65. a5 g3 66.
a6 g2 67. a7 g1=Q 68. a8=Q Qb1+ 69. Kc5 1/2-1/2

[Event "Women's Speed Chess Q5"]
[Site "chess.com INT"]
[Date "2021.06.04"]
[Round "6"]
[White "Priyanka, K"]
[Black "Sviridova, Vlada"]
[Result "1-0"]
[WhiteTitle "WIM"]
[BlackTitle "WFM"]
[WhiteElo "2218"]
[BlackElo "2144"]
[WhiteFideId "5082986"]
[BlackFideId "24109606"]
[EventDate "2021.06.04"]

1. e4 e6 2. d4 d5 3. Nc3 Bb4 4. exd5 exd5 5. Bd3 Nc6 6. Ne2 Nge7 7. a3 Bd6 8.
O-O Bg4 9. f3 Bh5 10. Be3 Bg6 11. Ng3 Qd7 12. Nce2 O-O-O 13. b4 Nf5 14. Nxf5
Bxf5 15. Bxf5 Qxf5 16. Ng3 Bxg3 17. hxg3 h5 18. b5 Ne7 19. a4 Ng6 20. a5 Qe6 21.
Bf2 h4 22. g4 h3 23. g3 f5 24. Re1 Qd7 25. b6 cxb6 26. axb6 a6 27. Qd3 Rdf8 28.
g5 h2+ 29. Kh1 Rh3 30. Re3 f4 31. gxf4 Nxf4 32. Qc3+ Kb8 33. Qb4 Rc8 34. Re7 Qc6
35. Be3 Rxf3 36. Re1 Qxc2 37. Bxf4+ Ka8 38. Qd6 Qf2 39. R7e2 Qxd4 40. Qd7 Qc4
41. Re7 Qc6 42. Qxc6 1-0